000 00887nam a2200241 i 4500
001 47658
003 ES-MaACL
005 20230906161615.0
007 t|
008 030512s1906 gw |||| | ger d
100 1 _aConsiderant, Víctor.
_940227
245 1 0 _aFouriers system der sozialen reform /
_cvon Viktor Considerant ; aus dem franzülischem übersetzt von Hugo Kaak ; mit einer einleitender ubhandlung: Fourier un der fourierismus von Georg Adler.
260 _aLeipzig :
_bC.L. Hirschfeld,
_c1906.
300 _a108 p. ;
_c23 cm.
490 1 _aHauptwerke des sozialismus und sozialpolitik ;
_v6
600 1 4 _aFourier, Charles.
_951964
650 4 _aFourierismo.
_9149689
700 1 _aAdler, Georg.
_918446
700 1 _aHaak, Hugo.
_961346
830 0 _aHauptwerke des sozialismus und sozialpolitik ;
_v6
_9182198
852 _aES-MaACL
_j1632-F-4
999 _c47658
_d47658